000 01015cam0a220030100 4500
001 lce00004781
005 20190813163322.0
008 751103s1976 nyua b 001 0 eng
010 _a 75037801 //r913
020 _a0471123250
035 _a(Sirsi) r98271
035 _a(DLC) 75037801 //r913
035 _a(UPRA)lce00004781
040 _aDLC
_cDLC
_dDLC
050 0 0 _aRS403
_b.K67
060 _aQV744 K84e
082 0 0 _a615/.1
100 1 _aKorolkovas, Andrejus.
_6A56909.1
245 1 0 _aEssentials of medicinal chemistry /
_cAndrejus Korolkovas, Joseph H. Burckhalter.
260 _aNew York :
_bWiley,
_cc1976.
500 _a"A Wiley-Interscience publication."
504 _aIncludes bibliographical references and index.
650 0 _aPharmaceutical chemistry.
_6S2250.1
650 2 _aChemistry, Pharmaceutical.
_6S6896.1
700 1 _aBurckhalter, Joseph Harold, 1912-
_dBurckhalter, Joseph Harold, 1912-
_6A56910.1
949 _aRS403
_wLC
_i-139829
_mMEDICAL
_tBOOK
_lON-SHELF
004 98271
999 _c39509
_d39509